LEADER 00998nam--2200349---450 001 990000797250203316 005 20201203105550.0 010 $a0-415-12809-9 035 $a0079725 035 $aUSA010079725 035 $a(ALEPH)000079725USA01 035 $a0079725 100 $a20011210d1998----km-y0ENGy0103----ba 101 $aeng 102 $aGB 200 1 $aColonialism Postcolonialism$fAnia Loomba 210 $aLondon$cRoutledge$d1998 215 $aXVIII, 289 p.$d20 cm 225 2 $a<> new critical idiom 410 $12001$a<> new critical idiom 606 $aColonialismo 606 $aColonialismo$xLetteratura$zSec. 16.-20. 676 $a325 700 1$aLOOMBA,$bAnia$0144729 801 0$aIT$bsalbc$gISBD 912 $a990000797250203316 951 $aX.2.B. 477a(II i C 1499BIS)$b160561 L.M.$cII i C 951 $aX.2.B. 477(II i C 1499)$b140821 L.M.$cII i C 959 $aBK 969 $aUMA 996 $aColonialism, postcolonialism$917246 997 $aUNISA LEADER 01717nas 2200373 n 450 001 990008908400403321 005 20240229084300.0 011 $a0570-6920 035 $a000890840 035 $aFED01000890840 035 $a(Aleph)000890840FED01 035 $a000890840 091 $2CNR$aP 00014934 100 $a20161109a19539999km-y0itaa50------ba 101 0 $afre 110 $aauu-------- 200 1 $aArchives géologiques du Viêt-nam 207 1$a1953- 210 $aHanoi$c[s.n.] 517 0 $aViêt-Nam dia-chât khao-luc 530 0 $aArchives géologiques du Viêt-nam 675 $a555 675 $a56 712 02$aMinistère de l'économie, Direction des mines, Service géologique 801 0$aIT$bACNP$c20090723 859 4 $uhttp://acnp.cib.unibo.it/cgi-ser/start/it/cnr/dc-p1.tcl?catno=7581&person=false&language=ITALIANO&libr=&libr_th=unina1$zBiblioteche che possiedono il periodico 901 $aSE 912 $a990008908400403321 958 $aBiblioteca. Dipartimento di Ingegneria Idraulica, Geotecnica e Ambientale. Sede di p.le Tecchio (Geologia applicata). Università degli studi di Napoli Federico II$b1961-1965;$fDINGE 959 $aDINGE 996 $aArchives géologiques du Viêt-nam$9800286 997 $aUNINA AP1 8 $6866-01$aNA118 Biblioteca. Dipartimento di Ingegneria Idraulica, Geotecnica e Ambientale. Sede di p.le Tecchio (Geologia applicata). Università degli studi di Napoli Federico II$ep.le Tecchio,80, Napoli (NA)$m(081) 7682169$m(081) 7682162$nit AP2 40$aacnp.cib.unibo.it$nACNP Italian Union Catalogue of Serials$uhttp://acnp.cib.unibo.it/cgi-ser/start/it/cnr/df-p.tcl?catno=7581&language=ITALIANO&libr=&person=&B=1&libr_th=unina&proposto=NO